000 01422cam a22001814a 4500
005 20250605164221.0
008 250528s ||||||||||||||||||||||||d
035 _a20680
040 _aGR-AtMCL
_bgre
_dGR-AtMCL
_eAACR2
245 1 _aΘερμοδυναμική / ΤΕΙ Λάρισας - Σχολή Τεχνολογικών Εφαρμογών - Τμήμα Μηχανολογίας
260 _bΤεχνολογικό Εκπαιδευτικό Ίδρυμα Λάρισας,
_c1996
300 _a196
520 _aΠρόλογος, Εισαγωγή: Γενικές Αρχές της Θερμοδυναμικής, Σύστημα και Περιβάλλον, Μακροσκοπική Άποψη, Μικροσκοπική Άποψη, Σκοπός της Θερμοδυναμικής, Θερμική Ισορροπία, Μέτρηση Θερμοκρασίας και Πίεσης, Θερμόμετρο Σταθερού Όγκου, Θερμοδυναμικά Συστήματα, Κατααστατική Εξίσωση, Ο Πρωτος Θερμοδυναμικός Νόμος, Έργο και Θερμότητα, Εσωτερική Ενέργεια, Ενθαλπία, Ο Δεύτερος Θεμοδυναμικός Νόμος, Εντροπία και Κύκλοι Ατμού, Καύση, Η Έναυση, Ασκήσεις.
700 1 _aΤσιρίκογλου Θ. Ι
_96644
942 _cBK
999 _c5766
_d5766